MARC details
| 000 -LEADER |
| fixed length control field |
01771fam a2200361 a 4500 |
| 001 - CONTROL NUMBER |
| control field |
1699516 |
| 003 - CONTROL NUMBER IDENTIFIER |
| control field |
ARRUPE |
| 005 - DATE AND TIME OF LATEST TRANSACTION |
| control field |
20150807115244.0 |
| 008 - FIXED-LENGTH DATA ELEMENTS--GENERAL INFORMATION |
| fixed length control field |
941114s1995 enk b 001 0 eng |
| 010 ## - LIBRARY OF CONGRESS CONTROL NUMBER |
| LC control number |
94049980 |
| 020 ## - INTERNATIONAL STANDARD BOOK NUMBER |
| International Standard Book Number |
0521453178 (hbk.) |
| 035 ## - SYSTEM CONTROL NUMBER |
| System control number |
(OCoLC)31608418 |
| 035 ## - SYSTEM CONTROL NUMBER |
| System control number |
(OCoLC)ocm31608418 |
| 035 ## - SYSTEM CONTROL NUMBER |
| System control number |
(NNC)1699516 |
| 040 ## - CATALOGING SOURCE |
| Original cataloging agency |
DLC |
| Transcribing agency |
DLC |
| Modifying agency |
DLC |
| -- |
NNC |
| -- |
OrLoB |
| 050 00 - LIBRARY OF CONGRESS CALL NUMBER |
| Classification number |
BV5083 |
| Item number |
.T87 1995 |
| 082 00 - DEWEY DECIMAL CLASSIFICATION NUMBER |
| Classification number |
248.2/2/0902 |
| Edition number |
20 |
| 300 ## - PHYSICAL DESCRIPTION |
| Dimensions |
24 cm. |
| 100 1# - MAIN ENTRY--PERSONAL NAME |
| Personal name |
Turner, Denys, |
| Dates associated with a name |
1942- |
| 9 (RLIN) |
18533 |
| 245 14 - TITLE STATEMENT |
| Title |
The darkness of God : |
| Remainder of title |
negativity in Christian mysticism / |
| Statement of responsibility, etc |
Denys Turner. |
| 260 ## - PUBLICATION, DISTRIBUTION, ETC. (IMPRINT) |
| Place of publication, distribution, etc |
Cambridge ; |
| -- |
New York, NY, USA : |
| Name of publisher, distributor, etc |
Cambridge University Press, |
| Date of publication, distribution, etc |
1995. |
| 263 ## - PROJECTED PUBLICATION DATE |
| Projected publication date |
9511 |
| 300 ## - PHYSICAL DESCRIPTION |
| Extent |
x, 278 p. ; |
| 504 ## - BIBLIOGRAPHY, ETC. NOTE |
| Bibliography, etc |
Includes bibliographical references (p. 274-275) and index. |
| 505 00 - FORMATTED CONTENTS NOTE |
| Miscellaneous information |
1. |
| Title |
The Allegory and Exodus -- |
| Miscellaneous information |
2. |
| Title |
Cataphatic and the apophatic in Denys the Areopagite -- |
| Miscellaneous information |
3. |
| Title |
The God within: Augustine's Confessions -- |
| Miscellaneous information |
4. |
| Title |
Interiority and ascent: Augustine's De Trinitate -- |
| Miscellaneous information |
5. |
| Title |
Hierarchy interiorised: Bonaventure's Itinerarium Mentis in Deum -- |
| Miscellaneous information |
6. |
| Title |
Eckhart: God and the self -- |
| Miscellaneous information |
7. |
| Title |
Eckhart: detachment and the critique of desire -- |
| Miscellaneous information |
8. |
| Title |
The Cloud of Unknowing and the critique of interiority -- |
| Miscellaneous information |
9. |
| Title |
Denys the Carthusian and the problem of experience -- |
| Miscellaneous information |
10. |
| Title |
John of the Cross: the dark nights and depression -- |
| Miscellaneous information |
11. |
| Title |
From mystical theology to mysticism. |
| 650 #0 - SUBJECT ADDED ENTRY--TOPICAL TERM |
| Topical term or geographic name as entry element |
Mysticism |
| General subdivision |
History |
| Chronological subdivision |
Middle Ages, 600-1500. |
| 9 (RLIN) |
2246 |
| 650 #0 - SUBJECT ADDED ENTRY--TOPICAL TERM |
| Topical term or geographic name as entry element |
Language and languages |
| General subdivision |
Religious aspects |
| -- |
Christianity. |
| 9 (RLIN) |
11284 |
| 650 #0 - SUBJECT ADDED ENTRY--TOPICAL TERM |
| Topical term or geographic name as entry element |
Negativity (Philosophy) |
| 9 (RLIN) |
18534 |
| 650 #0 - SUBJECT ADDED ENTRY--TOPICAL TERM |
| Topical term or geographic name as entry element |
Neoplatonism. |
| 9 (RLIN) |
18535 |
| 650 #0 - SUBJECT ADDED ENTRY--TOPICAL TERM |
| Topical term or geographic name as entry element |
Psychology, Religious. |
| 9 (RLIN) |
18536 |
| 740 01 - ADDED ENTRY--UNCONTROLLED RELATED/ANALYTICAL TITLE |
| Uncontrolled related/analytical title |
Metaphors of negativity. |
| 900 ## - EQUIVALENCE OR CROSS-REFERENCE-PERSONAL NAME [LOCAL, CANADA] |
| Numeration |
TOC |
| 942 ## - ADDED ENTRY ELEMENTS (KOHA) |
| Source of classification or shelving scheme |
Library of Congress Classification |
| Koha item type |
Monograph ( Printed materials) |